Social Sciences [International Journal]

Guardado en:
Detalles Bibliográficos
Formato: Seriadas
Lenguaje:inglés
Publicado: Basel MDPI
Etiquetas: Agregar Etiqueta
Sin Etiquetas, Sea el primero en etiquetar este registro!

MARC

LEADER 00000nls a2200000 4500
001 0281539
005 20250701092113.7
022 |a 2076-0760 
041 0 |a eng 
044 |a CH 
245 1 0 |a Social Sciences  |b [International Journal] 
264 1 |a Basel  |b MDPI